000 00581nam a2200181 i 4500
001 51678
003 ES-MaACL
005 20230906162416.0
007 t|
008 030814s1924 fr ||||1| fre d
100 1 _aChatelet, A.
_938186
245 1 0 _aCalcul vectoriel
_b: théorie applications géométriques et cinématiques /
_cpar A. Chatelet, J. Kampé de Fériet.
260 _aParis :
_bGauthier-Villars,
_c1924.
300 _aIX, 425 p. ;
_c25 cm.
650 0 4 _aCálculo vectorial.
_910677
700 1 _aKampé de Fériet, J.
_967480
852 _aES-MaACL
_jE-589
_bR.26537
999 _c51678
_d51678